| 000 | 00556nam a22001697a 4500 | ||
|---|---|---|---|
| 003 | AUA.1 | ||
| 005 | 20251119184521.0 | ||
| 008 | 250702b |||||||| |||| 00| 0 eng d | ||
| 040 | _cJTL | ||
| 100 | _aMwita, Alexander | ||
| 245 |
_aBiblical and theological evaluation of Donald G. Bloesch's view on the communion of Saints / _cAlexander Mwita. |
||
| 260 | _cc2024 | ||
| 300 |
_aix. 263 leaves : _bIllustrations : _c30cm. |
||
| 600 | _aBloesch, Donald G. | ||
| 650 |
_aCommunion of saints _911067 |
||
| 942 |
_2aua _cDISS _hPhD BTS _i.M85 2024 |
||
| 999 |
_c25149 _d25149 |
||